| 000 | 00610cam a2200145 4500500 | ||
|---|---|---|---|
| 005 | 20260208002333.0 | ||
| 041 | _afre | ||
| 042 | _adc | ||
| 100 | 1 | 0 |
_aDias, Nélia _eauthor |
| 245 | 0 | 0 | _aFranz Boas, L’Art primitif, Présentation de Marie Mauzé. Traduit de l’anglais par C. Fraixe et M. Benguigui Paris, Adam Biro, 2003, 416 p., bibl., index, ill. («Anthropologie, Arts et Esthétiques») |
| 260 | _c2005. | ||
| 500 | _a36 | ||
| 786 | 0 | _nL'Homme | 173 | 1 | 2005-01-01 | p. 199b-283b | 0439-4216 | |
| 856 | 4 | 1 | _uhttps://shs.cairn.info/revue-l-homme-2005-1-page-199b?lang=fr&redirect-ssocas=7080 |
| 999 |
_c1645914 _d1645914 |
||